[Event "31.Alpenpokal Oberstdorf op"]
[Site "Tiefenbach (13.01.-21.01)"]
[Date "2005.01.17"]
[Round "5.4"]
[White "Koops, Randolf"]
[Black "Wunderer, Eckart"]
[Result "1-0"]
[WhiteElo "2122"]
[BlackElo "1974"]
[PlyCount "57"]
[EventDate "2005.01.??"]
[Source "ChessOrg"]
[SourceDate "2005.02.28"]

1. d4 Nf6 2. Nf3 d5 3. c4 e6 4. Nc3 c6 5. Bg5 dxc4 6. e4 b5 7. e5 h6 8. Bh4 g5
9. Nxg5 hxg5 10. Bxg5 Nbd7 11. exf6 Bb7 12. g3 Qb6 13. Bg2 O-O-O 14. Qg4 Rg8
15. O-O Bh6 16. h4 Nxf6 17. Qf4 Bxg5 18. hxg5 Nd5 19. Qxf7 Nc7 20. g6 Rdf8 21.
Qe7 Qxd4 22. Rad1 Qg7 23. Qc5 Qxg6 24. Bxc6 Bxc6 25. Qxc6 Qe8 26. Qc5 Rf5 27.
Qxa7 Rh8 28. Ne4 Qc6 29. Nd6+ 1-0

[Event "31.Alpenpokal Oberstdorf op"]
[Site "Tiefenbach (13.01.-21.01)"]
[Date "2005.01.17"]
[Round "5.6"]
[White "Aigner, Georg"]
[Black "Reinke, Kurt[39Benrath]"]
[Result "1-0"]
[WhiteElo "1855"]
[BlackElo "1832"]
[PlyCount "114"]
[EventDate "2005.01.??"]
[Source "ChessOrg"]
[SourceDate "2005.02.28"]

1. e4 c5 2. Nf3 d6 3. d4 cxd4 4. Nxd4 Nf6 5. Nc3 a6 6. Be2 e5 7. Nf3 h6 8. O-O
Be6 9. Be3 Nbd7 10. Nd2 b5 11. a3 Be7 12. f4 exf4 13. Bxf4 Qb6+ 14. Kh1 Ne5 15.
h3 Rc8 16. Qe1 O-O 17. Qg3 Ng6 18. Be3 Qc7 19. Bd4 Ne5 20. Rf2 Kh8 21. Raf1 a5
22. Bxb5 Nh5 23. Qe3 Bg5 24. Qe1 Ng3+ 25. Kg1 Nxf1 26. Rxf1 Qe7 27. Nf3 Nxf3+
28. Rxf3 Bh4 29. Qd2 Bg5 30. Qe2 h5 31. Rg3 Bf6 32. Qxh5+ Kg8 33. Be3 g6 34.
Bd3 Bg7 35. Qxa5 Be5 36. Rf3 Ra8 37. Qb4 Rfb8 38. Nb5 Bd7 39. a4 g5 40. b3 g4
41. hxg4 Bxg4 42. Rf2 Qh4 43. Bf4 Bxf4 44. Rxf4 Qg3 45. Rf2 Ra6 46. Qc4 Be6 47.
Qd4 Qe5 48. Qxe5 dxe5 49. Nc7 Rc6 50. Nxe6 Rxe6 51. a5 Re7 52. Kf1 Kg7 53. Ke2
f6 54. a6 Ra7 55. Rf1 Kf7 56. Rd1 Ke6 57. Ra1 Kd6 1-0

[Event "31.Alpenpokal Oberstdorf op"]
[Site "Tiefenbach (13.01.-21.01)"]
[Date "2005.01.17"]
[Round "5.7"]
[White "Wahl, Frithjof,Dr."]
[Black "Johne, Siegfried"]
[Result "1-0"]
[WhiteElo "1992"]
[BlackElo "1843"]
[PlyCount "51"]
[EventDate "2005.01.??"]
[Source "ChessOrg"]
[SourceDate "2005.02.28"]

1. e4 c5 2. Nc3 Nc6 3. g3 Nf6 4. Bg2 d6 5. Nge2 e5 6. d3 Be7 7. h3 a6 8. Be3
Bd7 9. Qd2 Qc8 10. f4 Nd4 11. Nd5 Nxd5 12. exd5 f6 13. c3 Nb5 14. g4 Nc7 15.
Ng3 g6 16. O-O-O O-O 17. Rdf1 b5 18. f5 g5 19. h4 h6 20. hxg5 hxg5 21. Rh6 Ne8
22. Rfh1 Ng7 23. Ne4 Kf7 24. Rxf6+ Kg8 25. Rfh6 Qc7 26. f6 1-0

[Event "31.Alpenpokal Oberstdorf op"]
[Site "Tiefenbach (13.01.-21.01)"]
[Date "2005.01.17"]
[Round "5.8"]
[White "Klempt, Guenter"]
[Black "Erhart, Uwe"]
[Result "1/2-1/2"]
[WhiteElo "1936"]
[BlackElo "1988"]
[PlyCount "28"]
[EventDate "2005.01.??"]
[Source "ChessOrg"]
[SourceDate "2005.02.28"]

1. d4 Nf6 2. c4 e6 3. Nf3 b6 4. Bg5 Be7 5. e3 Bb7 6. Nc3 h6 7. Bh4 Ne4 8. Bxe7
Qxe7 9. Rc1 d6 10. Nxe4 Bxe4 11. Bd3 Bxd3 12. Qxd3 Nd7 13. O-O O-O 14. Rfd1 a5
1/2-1/2

[Event "31.Alpenpokal Oberstdorf op"]
[Site "Tiefenbach (13.01.-21.01)"]
[Date "2005.01.17"]
[Round "5.9"]
[White "Rueggeberg, Wilhelm"]
[Black "Emde, Rainer"]
[Result "1/2-1/2"]
[WhiteElo "1805"]
[BlackElo "1995"]
[PlyCount "56"]
[EventDate "2005.01.??"]
[Source "ChessOrg"]
[SourceDate "2005.02.28"]

1. d4 d5 2. Nf3 e6 3. c4 c5 4. cxd5 exd5 5. e3 Nf6 6. Nc3 Nc6 7. Be2 cxd4 8.
Nxd4 Bd6 9. h3 O-O 10. Bf3 Be5 11. Nce2 Re8 12. O-O Bd7 13. b3 Ne4 14. Bb2 Qf6
15. Rb1 Ng5 16. Bxd5 Nxh3+ 17. gxh3 Bxh3 18. Ng3 Bxf1 19. Qxf1 Nxd4 20. exd4
Bxd4 21. Bxd4 Qxd4 22. Bxb7 Rad8 23. Bf3 Qf4 24. Kg2 Rd2 25. Re1 Red8 26. Re4
Qc7 27. Qe1 Kf8 28. a4 Qc3 1/2-1/2

[Event "31.Alpenpokal Oberstdorf op"]
[Site "Tiefenbach (13.01.-21.01)"]
[Date "2005.01.17"]
[Round "5.10"]
[White "Froehlich, Rainer[37Sonth]"]
[Black "Marek, Herbert"]
[Result "1-0"]
[WhiteElo "1964"]
[BlackElo "1701"]
[PlyCount "21"]
[EventDate "2005.01.??"]
[Source "ChessOrg"]
[SourceDate "2005.02.28"]

1. c4 e5 2. Nc3 Nc6 3. g3 Nf6 4. Bg2 Be7 5. e3 O-O 6. Nge2 d6 7. O-O Be6 8. Nd5
Rb8 9. d4 Qd7 10. Nxf6+ Bxf6 11. d5 1-0

[Event "31.Alpenpokal Oberstdorf op"]
[Site "Tiefenbach (13.01.-21.01)"]
[Date "2005.01.17"]
[Round "5.11"]
[White "Boeven, Manfred"]
[Black "Gerhards, Walter"]
[Result "0-1"]
[WhiteElo "1993"]
[BlackElo "1805"]
[PlyCount "92"]
[EventDate "2005.01.??"]
[Source "ChessOrg"]
[SourceDate "2005.02.28"]

1. d4 Nf6 2. Nc3 d5 3. Bg5 e6 4. Nf3 Be7 5. e3 Nbd7 6. Bd3 c5 7. O-O O-O 8. Ne5
cxd4 9. exd4 Nxe5 10. dxe5 Nd7 11. Bxe7 Qxe7 12. f4 Nc5 13. Ne2 Bd7 14. Nd4 Qh4
15. c3 f6 16. Rf3 Nxd3 17. Qxd3 fxe5 18. fxe5 Rxf3 19. Nxf3 Qg4 20. Rf1 Rf8 21.
Nd4 Rxf1+ 22. Qxf1 Qe4 23. Nf3 a6 24. h3 Bb5 25. Qf2 h6 26. Qb6 Bc6 27. Qd8+
Kh7 28. Qe7 Qe3+ 29. Kh1 Qc1+ 30. Kh2 Qf4+ 31. Kh1 d4 32. cxd4 Bxf3 33. gxf3
Qxf3+ 34. Kh2 Qf2+ 35. Kh1 Qxd4 36. Qxe6 Qe4+ 37. Kh2 h5 38. Qd6 Qf4+ 39. Kg2
h4 40. Qd3+ Kh6 41. e6 Qg5+ 42. Kh1 Qc1+ 43. Kh2 Qxb2+ 44. Kg1 Qc1+ 45. Qf1
Qxf1+ 46. Kxf1 Kg6 0-1

[Event "31.Alpenpokal Oberstdorf op"]
[Site "Tiefenbach (13.01.-21.01)"]
[Date "2005.01.17"]
[Round "5.12"]
[White "Maugg, Ludwig"]
[Black "Frankenberger, Ralf"]
[Result "1/2-1/2"]
[WhiteElo "1942"]
[BlackElo "1848"]
[PlyCount "53"]
[EventDate "2005.01.??"]
[Source "ChessOrg"]
[SourceDate "2005.02.28"]

1. d4 f5 2. Nc3 Nf6 3. Bg5 g6 4. Bxf6 exf6 5. e3 d5 6. Bd3 Be6 7. Qf3 c6 8.
Nge2 Nd7 9. h3 h5 10. O-O-O Rg8 11. Nf4 Qe7 12. Nxe6 Qxe6 13. Rhg1 O-O-O 14. g4
fxg4 15. hxg4 hxg4 16. Rxg4 f5 17. Rg2 Bd6 18. Rdg1 Rdf8 19. Ne2 Rf6 20. Nf4
Qe8 21. c4 Bxf4 22. Qxf4 Qe6 23. c5 Rh8 24. Kb1 Nf8 25. b4 Rf7 26. Rh2 Rxh2 27.
Qxh2 1/2-1/2

[Event "31.Alpenpokal Oberstdorf op"]
[Site "Tiefenbach (13.01.-21.01)"]
[Date "2005.01.17"]
[Round "5.14"]
[White "Meyer, Gerd[61Huckarde]"]
[Black "Tauscher, Max"]
[Result "0-1"]
[WhiteElo "1925"]
[BlackElo "1671"]
[PlyCount "117"]
[EventDate "2005.01.??"]
[Source "ChessOrg"]
[SourceDate "2005.02.28"]

1. e4 c5 2. d4 cxd4 3. c3 dxc3 4. Nxc3 Nc6 5. Nf3 g6 6. Bc4 Bg7 7. Qd5 e6 8.
Qd6 Nge7 9. O-O O-O 10. Rd1 a6 11. a4 Re8 12. Be3 Bf8 13. Qf4 Bg7 14. Ng5 Rf8
15. Qh4 h6 16. Nf3 Kh7 17. Ng5+ Kg8 18. Nf3 Kh7 19. Qh3 Qe8 20. a5 d5 21. e5
dxc4 22. Ne4 Nf5 23. Nf6+ Bxf6 24. exf6 Rh8 25. Bb6 Bd7 26. g4 Nfe7 27. fxe7
Qxe7 28. Rac1 e5 29. Rxc4 Kg7 30. Qg3 f6 31. Nd2 Qe6 32. Qd3 Nd4 33. h3 Bc6 34.
f3 Rhe8 35. Re1 Qd7 36. Kf2 Rac8 (36... Bb5 $1 37. Rxd4 Qxd4+) 37. Qc3 Nb5 (
37... Bb5 38. Rc7 Rxc7 39. Qxc7 Qxc7 40. Bxc7 Rc8 41. Bb6 Rc2 42. Ke3 (42. Rd1
Be2) 42... Ne6 43. b3 Nf4 44. Rd1) 38. Qb4 Nd6 39. Rcc1 Nb5 40. Rcd1 Nd4 41.
Ne4 Bxe4 42. Rxe4 Qb5 43. Qxb5 Nxb5 44. Rd7+ Kg8 45. Re2 Rc4 46. Rxb7 e4 47.
fxe4 Nd6 48. Rd7 Nxe4+ 49. Kg2 f5 50. gxf5 gxf5 51. Bd4 Rc6 52. h4 Ree6 53. Kf3
Rcd6 54. Rxd6 Rxd6 55. Be5 Rd5 56. Bc7 Kf7 57. Bb6 Kf6 58. Kf4 Ke6 59. Rg2 {
und im 68.Zug 0-1} 0-1

[Event "31.Alpenpokal Oberstdorf op"]
[Site "Tiefenbach (13.01.-21.01)"]
[Date "2005.01.17"]
[Round "5.15"]
[White "Emser, Heinrich"]
[Black "Josting, Friedel"]
[Result "0-1"]
[WhiteElo "1685"]
[BlackElo "1869"]
[PlyCount "82"]
[EventDate "2005.01.??"]
[Source "ChessOrg"]
[SourceDate "2005.02.28"]

1. e4 c5 2. Nc3 Nc6 3. g3 g6 4. Bg2 Bg7 5. d3 d6 6. Nh3 Nf6 7. O-O O-O 8. f4
Bg4 9. Qe1 Nd4 10. Qf2 Qd7 11. Ng5 h6 12. Nf3 Nxf3+ 13. Bxf3 Rab8 14. Ne2 b5
15. Bxg4 Nxg4 16. Qf3 f5 17. h3 Nf6 18. exf5 gxf5 19. Rb1 Kh8 20. Bd2 d5 21. c3
c4 22. d4 Rb6 23. Kg2 Rg8 24. Ng1 Ne4 25. Be1 a5 26. Qd1 Rg6 27. Nf3 Bf6 28.
Ne5 Bxe5 29. fxe5 Nxg3 30. Bxg3 Rxg3+ 31. Kh2 Qe6 32. Qh5 R3g5 33. Qh4 Qg6 34.
Qf4 e6 35. a3 a4 36. Kh1 Rg3 37. Qh4 Rg5 38. Qf4 Rg3 39. Qh4 Rg5 40. Qf4 Rh5
41. Qf3 Qg3 0-1

[Event "31.Alpenpokal Oberstdorf op"]
[Site "Tiefenbach (13.01.-21.01)"]
[Date "2005.01.17"]
[Round "5.16"]
[White "Poffers, Rieke"]
[Black "Hiller, Joachim[42Deidesh]"]
[Result "1/2-1/2"]
[WhiteElo "1799"]
[BlackElo "1838"]
[PlyCount "83"]
[EventDate "2005.01.??"]
[Source "ChessOrg"]
[SourceDate "2005.02.28"]

1. d4 Nf6 2. c4 c6 3. Nc3 d5 4. e3 g6 5. Nf3 Bg7 6. cxd5 cxd5 7. Bb5+ Bd7 8.
Qb3 Bxb5 9. Qxb5+ Qd7 10. Qxd7+ Nbxd7 11. Nb5 O-O 12. Bd2 a6 13. Nc3 Rac8 14.
O-O b5 15. Rac1 Nb6 16. b3 b4 17. Ne2 a5 18. Ng3 Nfd7 19. Rxc8 Rxc8 20. Rc1 e5
21. Rxc8+ Nxc8 22. Ne2 f6 23. Bc1 h6 24. a3 Bf8 25. axb4 Bxb4 26. Bb2 e4 27.
Nh4 Ne7 28. g3 g5 29. Ng2 Nf5 30. Bc3 Nb8 31. Bxb4 axb4 32. Ne1 Kf7 33. Nc2 Na6
34. Nc1 Ne7 35. Na2 Nc6 36. h3 f5 37. Kg2 Ke6 38. Kh2 h5 39. Kg2 h4 40. gxh4
gxh4 41. f4 Kd6 42. Kf2 1/2-1/2

[Event "31.Alpenpokal Oberstdorf op"]
[Site "Tiefenbach (13.01.-21.01)"]
[Date "2005.01.17"]
[Round "5.17"]
[White "Seyfarth, Rudolf"]
[Black "Fehres, Werner"]
[Result "1-0"]
[WhiteElo "1807"]
[BlackElo "1705"]
[PlyCount "63"]
[EventDate "2005.01.??"]
[Source "ChessOrg"]
[SourceDate "2005.02.28"]

1. c4 d6 2. Nc3 c6 3. d4 Nd7 4. Nf3 Qc7 5. e4 e5 6. d5 Be7 7. Be2 Ngf6 8. h3 h5
9. Bg5 a6 10. Rc1 c5 11. O-O Nf8 12. Nh2 g6 13. f4 Ng8 14. Bxe7 Qxe7 15. fxe5
dxe5 16. d6 Qd8 17. Qd5 f6 18. Rcd1 Ne6 19. Nf3 Rh7 20. Na4 Qa5 21. b3 Rb8 22.
Nh4 Rg7 23. Nxg6 Rh7 24. Bxh5 Kf7 25. Nf4+ Kg7 26. Nxe6+ Bxe6 27. Qxe6 Rxh5 28.
d7 Rd8 29. Rf3 Rh6 30. Rg3+ Kh8 31. Qe8 Qc7 32. Rxg8+ 1-0

[Event "31.Alpenpokal Oberstdorf op"]
[Site "Tiefenbach (13.01.-21.01)"]
[Date "2005.01.17"]
[Round "5.18"]
[White "Winter, Rudolf[29G.Gerau]"]
[Black "Poell, Guenter"]
[Result "0-1"]
[WhiteElo "1654"]
[BlackElo "1815"]
[PlyCount "95"]
[EventDate "2005.01.??"]
[Source "ChessOrg"]
[SourceDate "2005.02.28"]

1. d4 f5 2. Nf3 Nf6 3. g3 b6 4. Bg2 Bb7 5. c4 e6 6. Nc3 Bb4 7. O-O Bxc3 8. bxc3
Ne4 9. Qc2 O-O 10. Nd2 d5 11. cxd5 exd5 12. f3 Nxd2 13. Bxd2 Nd7 14. Bh3 g6 15.
Bg2 Nf6 16. Bg5 Qe7 17. Rae1 Rae8 18. e4 dxe4 19. fxe4 Bxe4 20. Bxe4 fxe4 21.
Qd2 Qe6 22. Bxf6 Rxf6 23. Re3 Qd5 24. Rfe1 c5 25. Qb2 cxd4 26. cxd4 Rd6 27. Rd1
Red8 28. Qc2 Re8 29. Qa4 Re7 30. Qb3 Qxb3 31. axb3 Kf7 32. Rf1+ Ke8 33. Rd1 Kd7
34. Kf2 Kc6 35. Rc3+ Kd5 36. Ke2 Rf7 37. b4 Rdf6 38. Kd2 Rf2+ 39. Kc1 Rf1 40.
Re3 Rxd1+ 41. Kxd1 Kxd4 42. Ke2 Rf3 43. Rxf3 exf3+ 44. Kxf3 a5 45. bxa5 bxa5
46. Ke2 Kc3 47. Kd1 Kb2 48. Kd2 0-1

[Event "31.Alpenpokal Oberstdorf op"]
[Site "Tiefenbach (13.01.-21.01)"]
[Date "2005.01.17"]
[Round "5.19"]
[White "Gelzinnus, Siegfried"]
[Black "Schwichtenberg, Juergen"]
[Result "1/2-1/2"]
[WhiteElo "1515"]
[BlackElo "1639"]
[PlyCount "99"]
[EventDate "2005.01.??"]
[Source "ChessOrg"]
[SourceDate "2005.02.28"]

1. c4 c5 2. Nc3 Nc6 3. g3 g6 4. Bg2 Bg7 5. e3 e6 6. Nge2 Nge7 7. d4 cxd4 8.
Nxd4 a6 9. O-O O-O 10. a3 b6 11. Rb1 Rb8 12. Ne4 Qc7 13. b3 Bb7 14. Bb2 e5 15.
Nxc6 Bxc6 16. Rc1 Bxe4 17. Bxe4 d6 18. Rc2 Rbd8 19. Re1 Rd7 20. Ree2 Rfd8 21.
Red2 f5 22. Bd5+ Nxd5 23. Rxd5 Kf7 24. Rcd2 e4 25. Bxg7 Kxg7 26. R2d4 a5 27. b4
axb4 28. axb4 Kf7 29. c5 bxc5 30. bxc5 Ke7 31. Qc2 dxc5 32. Rxc5 Qb8 33. Rdc4
Qd6 34. Rc7 Ke8 35. Kg2 Rxc7 36. Rxc7 Rd7 37. Rc8+ Rd8 38. Qa4+ Qd7 39. Rxd8+
Kxd8 40. Qd4 Kc7 41. f3 exf3+ 42. Kxf3 Qxd4 43. exd4 Kd6 44. Kf4 h6 45. h3 Kd5
46. Ke3 g5 47. h4 Ke6 48. Kf3 Kd5 49. Ke3 Ke6 50. Kf3 1/2-1/2

[Event "31.Alpenpokal Oberstdorf op"]
[Site "Tiefenbach (13.01.-21.01)"]
[Date "2005.01.17"]
[Round "5.20"]
[White "Herzog, Manfred[60Sulzfeld]"]
[Black "Poffers, Gerrit"]
[Result "1-0"]
[WhiteElo "1756"]
[BlackElo "1443"]
[PlyCount "65"]
[EventDate "2005.01.??"]
[Source "ChessOrg"]
[SourceDate "2005.02.28"]

1. d4 Nf6 2. c4 d6 3. Nc3 g6 4. e4 Bg7 5. Nf3 O-O 6. Be2 Nbd7 7. O-O e5 8. d5
b6 9. Be3 a6 10. b4 a5 11. a3 Ne8 12. Ne1 f5 13. f3 f4 14. Bf2 Nef6 15. Nd3 Kh8
16. Rc1 Rg8 17. c5 bxc5 18. bxc5 Ba6 19. cxd6 cxd6 20. a4 h5 21. Nb5 Bxb5 22.
axb5 Rb8 23. Rc6 Bf8 24. Qa4 Ne8 25. Rfc1 g5 26. Be1 g4 27. Bxa5 Qg5 28. Rc8
Rxc8 29. Rxc8 Nef6 30. b6 gxf3 31. Bxf3 h4 32. Nf2 Nh5 33. Qxd7 1-0

[Event "31.Alpenpokal Oberstdorf op"]
[Site "Tiefenbach (13.01.-21.01)"]
[Date "2005.01.17"]
[Round "5.21"]
[White "Borries, Barbara"]
[Black "Bruestle, Wilfried"]
[Result "1-0"]
[WhiteElo "1798"]
[BlackElo "1614"]
[PlyCount "143"]
[EventDate "2005.01.??"]
[Source "ChessOrg"]
[SourceDate "2005.02.28"]

1. e4 e6 2. d4 d5 3. Nd2 Nf6 4. e5 Nfd7 5. Bd3 c5 6. c3 Nc6 7. Ndf3 Be7 8. Ne2
c4 9. Bc2 b5 10. a3 Nf8 11. O-O Ng6 12. Be3 Bb7 13. Qd2 Rc8 14. Ng3 h5 15. Bxg6
fxg6 16. Bg5 Kd7 17. h4 a5 18. Qc2 Qe8 19. Ne2 Bd8 20. Nf4 Ne7 21. Bxe7 Bxe7
22. Nxg6 Rh6 23. Nf4 Qf7 24. Nh3 a4 25. Nfg5 Bxg5 26. Nxg5 Qe7 27. Rae1 Rf8 28.
Re3 Rf4 29. g3 Rf8 30. Qe2 Bc6 31. Rf3 Kc7 32. Re1 Be8 33. Rxf8 Qxf8 34. f4 Qf5
35. Rf1 Kd7 36. Rf2 Ke7 37. Kg2 Bg6 38. Nf3 Qf8 39. Nd2 Bf5 40. Kh2 Qf7 41. Qe1
Qg6 42. Nf1 Rh8 43. Ne3 Bd3 44. Qg1 Be4 45. Qf1 Bd3 46. Qh3 Bf5 47. Qg2 Rd8 48.
g4 hxg4 49. Qg3 Rh8 50. Kg1 Qh5 51. Rh2 g6 52. Kf2 Kd7 53. Qg2 Kc6 54. Kg3 Rf8
55. Qe2 Rh8 56. Nxg4 Qh7 57. Nf6 Qg7 58. Kf2 Qh6 59. Ke3 Rf8 60. Qg2 Rh8 61.
Qg5 Qxg5 62. fxg5 Kc7 63. Kf4 Kd8 64. h5 gxh5 65. Rxh5 Rxh5 66. Nxh5 Ke7 67.
Ng3 Bg6 68. Kg4 Kf7 69. Ne2 Kg7 70. Nf4 Bf7 71. g6 Bg8 72. Kg5 1-0

[Event "31.Alpenpokal Oberstdorf op"]
[Site "Tiefenbach (13.01.-21.01)"]
[Date "2005.01.17"]
[Round "5.22"]
[White "Ludwig, Karl-Heinz,Prof.Dr."]
[Black "Wahl, Hedi"]
[Result "1/2-1/2"]
[WhiteElo "1190"]
[BlackElo "1364"]
[PlyCount "79"]
[EventDate "2005.01.??"]
[Source "ChessOrg"]
[SourceDate "2005.02.28"]

1. f4 g6 2. c3 c5 3. d4 e6 4. e4 b6 5. Be3 Nf6 6. e5 Nd5 7. Qf3 Nc6 8. Bc4 Nxe3
9. Qxe3 Bb7 10. Nf3 Be7 11. O-O O-O 12. a3 Na5 13. Ba2 Ba6 14. Rd1 Bc4 15. Bxc4
Nxc4 16. Qe2 Na5 17. b4 Nb7 18. Nbd2 Qc7 19. Ra2 d6 20. Rda1 Nd8 21. a4 cxb4
22. cxb4 a5 23. b5 f6 24. Nc4 d5 25. Ne3 Qb7 26. Rc2 Rc8 27. Rac1 Nf7 28. Rxc8
Rxc8 29. Rxc8+ Qxc8 30. Qc2 Qxc2 31. Nxc2 fxe5 32. fxe5 g5 33. g3 h5 34. h3 Nh6
35. Ne3 Kg7 36. g4 Kg6 37. Kf2 hxg4 38. hxg4 Ba3 39. Ke2 Bc1 40. Nh2 1/2-1/2

[Event "31.Alpenpokal Oberstdorf op"]
[Site "Tiefenbach (13.01.-21.01)"]
[Date "2005.01.17"]
[Round "5.23"]
[White "Thonig, Manfred"]
[Black "Meyer, Thomas[52Tübing]"]
[Result "1/2-1/2"]
[WhiteElo "1555"]
[BlackElo "1604"]
[PlyCount "48"]
[EventDate "2005.01.??"]
[Source "ChessOrg"]
[SourceDate "2005.02.28"]

1. f4 d5 2. Nf3 c5 3. b3 Nf6 4. e3 Nc6 5. Bb5 Bd7 6. Bxc6 Bxc6 7. Ne5 Bb5 8. c4
Ba6 9. Bb2 e6 10. O-O d4 11. exd4 cxd4 12. d3 Bd6 13. Qf3 Bc5 14. a3 b6 15. b4
Qc8 16. bxc5 bxc5 17. Qc6+ Qxc6 18. Nxc6 O-O 19. Nd2 Ng4 20. Rf3 Bb7 21. Ne7+
Kh8 22. f5 Bxf3 23. Nxf3 Rfe8 24. h3 Ne3 1/2-1/2

[Event "31.Alpenpokal Oberstdorf op"]
[Site "Tiefenbach (13.01.-21.01)"]
[Date "2005.01.17"]
[Round "5.24"]
[White "Ludwig, Ines"]
[Black "Heissenbuettel, Hans-Erich"]
[Result "0-1"]
[WhiteElo "1521"]
[BlackElo "1879"]
[PlyCount "55"]
[EventDate "2005.01.??"]
[Source "ChessOrg"]
[SourceDate "2005.02.28"]

1. d4 d6 2. e4 g6 3. f4 c6 4. c3 d5 5. e5 h5 6. Nf3 Bf5 7. Bd3 Nh6 8. h3 Bxd3
9. Qxd3 Nf5 10. Ng5 e6 11. O-O h4 12. Nd2 Be7 13. Ndf3 Qb6 14. Kh1 c5 15. dxc5
Bxc5 16. a4 a5 17. Qb5+ Nd7 18. Qxb6 Bxb6 19. Bd2 Rc8 20. Ng1 Ke7 21. Ne2 Nb8
22. Rf3 Rhe8 23. b4 Rc4 24. Rd3 Rec8 25. Nf3 axb4 26. cxb4 Bf2 27. Rc3 Rxc3 28.
Bxc3 {und im 59.Zug 0-1} 0-1

[Event "31.Alpenpokal Oberstdorf op"]
[Site "Tiefenbach (13.01.-21.01)"]
[Date "2005.01.17"]
[Round "5.25"]
[White "Luebbers, Doris,Dr."]
[Black "Sakowski, Christian"]
[Result "0-1"]
[WhiteElo "1395"]
[BlackElo "1771"]
[PlyCount "68"]
[EventDate "2005.01.??"]
[Source "ChessOrg"]
[SourceDate "2005.02.28"]

1. d4 Nf6 2. c4 g6 3. Nf3 Bg7 4. e3 O-O 5. Bd3 d5 6. O-O c6 7. Nbd2 Bg4 8. b3
Nbd7 9. Bb2 Re8 10. h3 Bxf3 11. Nxf3 e6 12. Re1 Rc8 13. Rc1 Ne4 14. cxd5 exd5
15. Bxe4 dxe4 16. Nh2 Nf6 17. f4 Nd5 18. Ng4 Nb4 19. Ra1 Nd3 20. Re2 c5 21. Ne5
Bxe5 22. dxe5 Qd5 23. Rb1 Red8 24. Qf1 Qc6 25. Bc3 b5 26. Be1 Nxe1 27. Rexe1
Rd2 28. Re2 Rcd8 29. Rxd2 Rxd2 30. Ra1 a6 31. Qe1 Qd5 32. Qf1 c4 33. bxc4 bxc4
34. a3 Qd3 0-1

[Event "31.Alpenpokal Oberstdorf op"]
[Site "Tiefenbach (13.01.-21.01)"]
[Date "2005.01.17"]
[Round "5.26"]
[White "Miessner, Rolf"]
[Black "Krawinkel, Hans-Werner"]
[Result "0-1"]
[WhiteElo "1554"]
[BlackElo "1676"]
[PlyCount "170"]
[EventDate "2005.01.??"]
[Source "ChessOrg"]
[SourceDate "2005.02.28"]

1. e4 c5 2. Nc3 e6 3. g3 Nc6 4. Bg2 d6 5. d3 Be7 6. f4 e5 7. f5 g6 8. Nge2 gxf5
9. exf5 Bxf5 10. O-O Bg6 11. Nd5 Bf8 12. Nec3 Bg7 13. Ne4 h6 14. Bh3 Nce7 15.
Ndf6+ Nxf6 16. Nxf6+ Bxf6 17. Rxf6 Nd5 18. Rf2 Rb8 19. Qf3 Ne7 20. Qf6 Rh7 21.
b3 Nc6 22. Qf3 Qe7 23. Bb2 Kd8 24. Raf1 Kc7 25. Bf5 Qg5 26. Bxg6 Qxg6 27. Qf5
Rd8 28. Qxg6 fxg6 29. c3 Rdd7 30. Rf6 g5 31. Bc1 Rdg7 32. g4 Ne7 33. c4 Ng6 34.
R1f3 Nf4 35. Bxf4 gxf4 36. Kf2 Rxg4 37. Rh3 h5 38. a3 Rg5 39. Kf3 Rg1 40. b4 b6
41. b5 Ra1 42. Ke4 Rxa3 43. Kd5 Rd7 44. Ke4 Ra1 45. Kd5 Re1 46. Rh6 Re3 47.
R6xh5 f3 48. Rf5 Rxd3+ 49. Ke6 d5 50. Rhxf3 Rxf3 51. Rxf3 e4 52. Re3 d4 53.
Rxe4 d3 54. Re1 d2 55. Rd1 Rd4 56. Ke5 Kd7 57. h4 Ke7 58. Kf5 Kf7 59. h5 Kg7
60. Kg5 Rd3 61. h6+ Kh7 62. Kh5 Rd4 63. Kg5 Rd6 64. Kf4 Kxh6 65. Ke3 Rd4 66.
Ke2 Rxc4 67. Rxd2 Rb4 68. Rd7 Rxb5 69. Rxa7 Rb4 70. Kd3 Kg6 71. Re7 Kf6 72. Re8
Rd4+ 73. Kc3 b5 74. Re1 Rf4 75. Kb3 Rf3+ 76. Kb2 c4 77. Re8 Rd3 78. Re1 Rf3 79.
Re8 Rb3+ 80. Kc2 b4 81. Re4 Rc3+ 82. Kb2 Kf5 83. Re8 Rh3 84. Re1 Rh2+ 85. Kb1
c3 0-1

[Event "31.Alpenpokal Oberstdorf op"]
[Site "Tiefenbach (13.01.-21.01)"]
[Date "2005.01.17"]
[Round "5.27"]
[White "Schulz, Hermann[35Ülzen]"]
[Black "Mueller, Dieter[45Halle]"]
[Result "0-1"]
[WhiteElo "1565"]
[BlackElo "1451"]
[PlyCount "52"]
[EventDate "2005.01.??"]
[Source "ChessOrg"]
[SourceDate "2005.02.28"]

1. e4 d6 2. d4 Nf6 3. Nc3 g6 4. Nf3 Bg7 5. Be2 c6 6. O-O b5 7. a3 a5 8. Be3 Bb7
9. d5 b4 10. axb4 axb4 11. Rxa8 Bxa8 12. Qa1 bxc3 13. Qxa8 cxd5 14. Bb5+ Nbd7
15. Bxd7+ Nxd7 16. Qxd8+ Kxd8 17. bxc3 dxe4 18. Ng5 Ne5 19. Nxe4 f5 20. Ng5 Kd7
21. Bd4 h6 22. Nf7 Nxf7 23. Bxg7 Rc8 24. Rb1 e5 25. Rb3 Ke6 26. f4 Rg8 0-1

[Event "31.Alpenpokal Oberstdorf op"]
[Site "Tiefenbach (13.01.-21.01)"]
[Date "2005.01.17"]
[Round "5.28"]
[White "Poppitz, Joachim"]
[Black "Heyse, Juergen"]
[Result "0-1"]
[WhiteElo "1369"]
[BlackElo "1553"]
[PlyCount "86"]
[EventDate "2005.01.??"]
[Source "ChessOrg"]
[SourceDate "2005.02.28"]

1. e4 d5 2. exd5 Nf6 3. Nf3 Qxd5 4. Nc3 Qa5 5. d3 c6 6. Bd2 Qb6 7. Na4 Qc7 8.
g3 Bg4 9. Bg2 e6 10. O-O Nbd7 11. Re1 Be7 12. Bf4 Bd6 13. Bxd6 Qxd6 14. Qd2
Bxf3 15. Bxf3 O-O-O 16. h3 h5 17. h4 Ne5 18. Bg2 Nfg4 19. Rad1 Kb8 20. Nc3 Qc7
21. a4 Nd7 22. b4 Rh6 23. a5 Rf6 24. Rf1 Nde5 25. f4 Ng6 26. d4 Ne7 27. Bf3 Nf5
28. Bxg4 hxg4 29. Kh2 Nxd4 30. Kg2 Kc8 31. Na4 Rh6 32. c3 Nf3 33. Qxd8+ Qxd8
34. Rxd8+ Kxd8 35. Rd1+ Kc7 36. Nc5 f5 37. Nd3 b6 38. a6 Rf6 39. c4 Rf8 40. b5
Rd8 41. Nb2 Rxd1 42. Nxd1 Nd2 43. Kf2 Nxc4 0-1

[Event "31.Alpenpokal Oberstdorf op"]
[Site "Tiefenbach (13.01.-21.01)"]
[Date "2005.01.18"]
[Round "6.3"]
[White "Moehring, Norbert"]
[Black "Koops, Randolf"]
[Result "0-1"]
[WhiteElo "1954"]
[BlackElo "2122"]
[PlyCount "78"]
[EventDate "2005.01.??"]
[Source "ChessOrg"]
[SourceDate "2005.02.28"]

1. b4 c6 2. c4 d5 3. e3 e5 4. b5 Nf6 5. Nf3 e4 6. Nd4 c5 7. Ne2 d4 8. Ng3 h5 9.
d3 Bd6 10. Nxe4 Nxe4 11. dxe4 dxe3 12. Bxe3 Be5 13. Nd2 Bxa1 14. Qxa1 O-O 15.
Bxc5 Re8 16. Bd4 Qg5 17. Be2 Bg4 18. Bxg4 Qxg4 19. O-O Nd7 20. f4 Nf8 21. f5
Rad8 22. Qc3 b6 23. h3 Qe2 24. Nf3 Qxe4 25. f6 gxf6 26. Re1 Qf4 27. Rxe8 Rxe8
28. Kf2 Nd7 29. g3 Qf5 30. Qc1 Ne5 31. Bxe5 fxe5 32. Kg2 Rd8 33. Qh6 Qc2+ 34.
Kh1 Rd1+ 35. Ng1 Qe4+ 36. Kh2 Qg6 37. Qe3 Qf5 38. h4 e4 39. Ne2 Qf3 0-1

[Event "31.Alpenpokal Oberstdorf op"]
[Site "Tiefenbach (13.01.-21.01)"]
[Date "2005.01.18"]
[Round "6.4"]
[White "Woell, Josef"]
[Black "Wahl, Frithjof,Dr."]
[Result "0-1"]
[WhiteElo "1895"]
[BlackElo "1992"]
[PlyCount "58"]
[EventDate "2005.01.??"]
[Source "ChessOrg"]
[SourceDate "2005.02.28"]

1. d4 Nf6 2. Bg5 d6 3. e4 Nbd7 4. Nf3 g6 5. Bc4 Bg7 6. c3 O-O 7. Nbd2 c6 8. O-O
e5 9. Bb3 exd4 10. cxd4 d5 11. Ne5 Qe8 12. Nd3 Nxe4 13. Nxe4 Qxe4 14. Bf4 Re8
15. Bc2 Qe7 16. b4 h6 17. Rb1 Nf6 18. Be5 Ne4 19. Rb3 f6 20. f3 fxe5 21. fxe4
exd4 22. exd5 Qg5 23. Ne1 cxd5 24. Nf3 Bg4 25. h4 Bxf3 26. Rbxf3 Qxh4 27. Bxg6
Rf8 28. Bb1 Rxf3 29. gxf3 Re8 0-1